20 plus grandes villes de France (en superficie) - Statistiques

Statistiques générales
  • Ce quiz a été pris 149 fois
    143 depuis la dernière actualisation
  • Le résultat moyen est 2 sur 20
Statistiques - réponses
HINT ANSWER % Correct
240,62 km² Marseille
91%
758,93 km² Arles
46%
374,61 km² Saintes-Maries-de-la-Mer
13%
241,85 km² Segré-en-Anjou Bleu
8%
230,45 km² Beaupréau-en-Mauges
6%
323,98 km² Chemillé-en-Anjou
6%
214,02 km² Lacanau
6%
400,14 km² Val Cenis
6%
248,96 km² Laruns
5%
213,07 km² Sèvremoine
5%
214,87 km² Saint-Martin-de-Crau
4%
268,17 km² Baugé-en-Anjou
2%
227,11 km² Gavarnie-Gèdre
2%
226,84 km² Les Belleville
2%
299,45 km² Noyant-Villages
2%
205,55 km² Saint-Paul-sur-Ubaye
2%
202,16 km² Ombrée d'Anjou
1%
230,40 km² Charny Orée de Puisaye
0%
200,40 km² Sartène
0%
208,72 km² Sévérac d'Aveyron
0%
Aucun quiz correspondant
Distribution des résultats
% des personnes avec chaque résultat
Percentile par nombre de réponses
Votre historique - résultats
Vous n’avez pas pris ce quiz depuis la dernière actualisation